[Event "Kings Christmas challenge"]
[Site "SchemingMind.com"]
[Date "2010.12.12"]
[Round "-"]
[White "tom claxton"]
[Black "Phillip Beckett"]
[Result "0-1"]
[WhiteCountry "ENG"]
[BlackCountry "ENG"]
[WhiteElo "1417"]
[WhiteRD "58"]
[BlackElo "1694"]
[BlackRD "52"]
[GameID "269797"]

1. d4 d5 2. Nc3 Nf6 3. Nf3 e6 4. Ne5 Nbd7 5. Bf4 Nxe5 6. Bxe5 Bd6 7. Bxd6 Qxd6 8. e3 c5 9. Bb5+ Bd7 10. Bxd7+ Nxd7
11. O-O cxd4 12. exd4 O-O 13. Qd3 Rfc8 14. Nb5 Qb6 15. c3 a6 16. Na3 Nf6 17. Rab1 Ne4 18. f3 Nd6 19. b3 Qc7 20. c4 dxc4
21. bxc4 Nxc4 22. Nxc4 Qxc4 23. Qxc4 Rxc4 24. Rfd1 b5 25. Kf2 Rc2+ 26. Kg3 Rxa2 27. h3 Rc8 28. Rbc1 Rcc2 29. Rxc2 Rxc2 30. Ra1 Rc6
31. Kf4 f6 32. g4 Kf7 33. h4 Ke7 34. g5 Kd7 35. gxf6 gxf6 36. Ke4 Kc7 37. f4 Kb6 38. f5 exf5+ 39. Kxf5 a5 40. d5 Rd6
41. Rd1 Kc5 42. Ke4 b4 43. Ra1 Kb5 44. Kd4 a4 45. Rc1 a3 46. Rc5+ Kb6 47. Kc4 a2 48. Kxb4 a1=Q 49. Rb5+ Kc7 50. Kc5 Qc3#
0-1

[Event "Kings Christmas challenge"]
[Site "SchemingMind.com"]
[Date "2010.12.12"]
[Round "-"]
[White "Phillip Beckett"]
[Black "tom claxton"]
[Result "1/2-1/2"]
[WhiteCountry "ENG"]
[BlackCountry "ENG"]
[WhiteElo "1694"]
[WhiteRD "52"]
[BlackElo "1417"]
[BlackRD "58"]
[GameID "269798"]

1. e4 e5 2. Nf3 d6 3. d4 c6 4. dxe5 dxe5 5. Qxd8+ Kxd8 6. Nxe5 Ke8 7. Bc4 Be6 8. Bxe6 fxe6 9. O-O Nf6 10. Be3 Nxe4
11. Nd2 Nxd2 12. Bxd2 Bd6 13. Nd3 Nd7 14. Rfe1 Ke7 15. Bc3 Rhg8 16. Rad1 Raf8 17. Ne5 Nxe5 18. Bxe5 Bxe5 19. Rxe5 Kf6 20. Rde1 Re8
21. f4 g6 22. g4 h6 23. Kf2 g5 24. f5 b6 25. Rxe6+ Rxe6 26. Rxe6+ Kf7 27. Rxc6 Rd8 28. Rc7+ Kf6 29. b3 Rd2+ 30. Kg3 a5
31. Rc6+ Kg7 32. a4 Kh7 33. Rxb6 Rxc2 34. Rb5 Rb2 35. Rb6 Kg7 36. Rg6+ Kh7 37. Rb6 Kg7 38. h4 gxh4+ 39. Kxh4 Rh2+ 40. Kg3 Rb2
41. f6+ Kf7 42. Kf3 Rb1 43. Ke2 Rb2+ 44. Kd3 Rg2 45. b4 Rxg4 46. bxa5 Rxa4 47. a6 h5 48. Rb7+ Kxf6 49. a7 h4 50. Rh7 Kg5
51. Rg7+=
1/2-1/2

[Event "Kings Christmas challenge"]
[Site "SchemingMind.com"]
[Date "2010.12.12"]
[Round "-"]
[White "Will Grummitt"]
[Black "Phillip Beckett"]
[Result "1/2-1/2"]
[WhiteCountry "ENG"]
[BlackCountry "ENG"]
[WhiteElo "1694"]
[WhiteRD "55"]
[BlackElo "1629"]
[BlackRD "53"]
[GameID "269823"]

1. d4 d5 2. c4 e6 3. Nc3 Nf6 4. Bg5 Be7 5. Bxf6 Bxf6 6. Nf3 dxc4 7. e4 Nd7 8. Bxc4 c5 9. e5 Be7 10. dxc5 Nxc5
11. Qxd8+ Bxd8 12. O-O Bb6 13. Rfd1 Bd7 14. Rd2 O-O-O 15. Rad1 Bc6 16. Rxd8+ Rxd8 17. Rxd8+ Kxd8 18. Ng5 Ke7 19. Nxh7 Ne4 20. Nxe4 Bxe4
21. Kf1 Bd4 22. Ng5 Bb1 23. Nf3 Bxb2 24. Ke2 a6 25. Nd2 Bg6 26. f4 f6 27. exf6+ Bxf6 28. Bd3 Bh5+ 29. Ke3 e5 30. Ne4 exf4+
31. Kxf4 Bb2 32. Nc5 Bc1+ 33. Kf5 g6+ 34. Ke4 g5 35. Nxb7 Bg6+ 36. Kd4 Bb2+ 37. Ke3 Bc1+ 38. Ke2 Bh5+ 39. Kf2 Bf7 40. a4 Bb3
41. Nc5 Bd1 42. Bxa6 Ba3 43. Ne4 Bxa4 44. Nxg5 Bc5+ 45. Ke2 Bc6 46. g3 Bg1 47. h4 Kf6 48. Bd3 Bh2 49. Kf2 Bb7 50. Be4 Ba6
51. Nf3 Bxg3+ 52. Kxg3 Be2 53. Kf4 Bxf3= 54. Kxf3 Kg7 55. Kg4 Kh8 56. Kg5 Kg7 57. Bf5 Kg8 58. Kg6 Kh8 59. h5 Kg8 60. Kh6 Kh8
61. Bc2 Kg8 62. Kg6 Kh8 63. h6 Kg8 64. Bb3+ Kh8 65. Kf6 Kh7 66. Kg5 Kh8 67. Bc2 Kg8 68. Bd3 Kh8 69. Kf6 Kg8 70. Ke7=
1/2-1/2

[Event "Kings Christmas challenge"]
[Site "SchemingMind.com"]
[Date "2010.12.13"]
[Round "-"]
[White "Will Grummitt"]
[Black "tom claxton"]
[Result "1-0"]
[WhiteCountry "ENG"]
[BlackCountry "ENG"]
[WhiteElo "1694"]
[WhiteRD "55"]
[BlackElo "1440"]
[BlackRD "62"]
[GameID "269824"]

1. d4 d5 2. c4 Nf6 3. Nc3 c6 4. Nf3 Bg4 5. Bg5 Bxf3 6. exf3 Nfd7 7. Bd3 f6 8. Bh4 e5 9. dxe5 Nxe5 10. Qe2 Nd7
11. f4 Bb4 12. fxe5 Nxe5 13. f4 Bxc3+ 14. bxc3 dxc4 15. Bxc4 Qd6 16. fxe5 Qxe5 17. Qxe5+ fxe5 18. O-O Rd8 19. Bxd8 Kxd8 20. Rad1+ Kc7
21. Rf7+ Kb6 22. Rdd7 Rb8 23. Rxg7 a6 24. Rxh7 e4 25. Rhe7 e3 26. Rxe3 Rc8 27. Ree7 Rb8 28. g4 a5 29. g5 a4 30. g6 Kc5
31. Be6 b5 32. Rh7 Rb6 33. Rh5#
1-0

[Event "Kings Christmas challenge"]
[Site "SchemingMind.com"]
[Date "2010.12.13"]
[Round "-"]
[White "Phillip Beckett"]
[Black "Will Grummitt"]
[Result "1/2-1/2"]
[WhiteCountry "ENG"]
[BlackCountry "ENG"]
[WhiteElo "1629"]
[WhiteRD "53"]
[BlackElo "1694"]
[BlackRD "55"]
[GameID "269825"]

1. e4 e6 2. d4 d5 3. Nd2 Nf6 4. e5 Nfd7 5. f4 c5 6. c3 Be7 7. Ndf3 O-O 8. Ne2 Nc6 9. g3 b6 10. Bh3 Ba6
11. Kf1 Qc7 12. Kg2 h6 13. Rf1 Qb7 14. dxc5 Bxc5 15. Re1 Rfe8 16. Ned4 Nxd4 17. Nxd4 Bxd4 18. Qxd4 Qc6 19. Be3 Qc5 20. Qxc5 Nxc5
21. Bxc5 bxc5 22. Rac1 Rab8 23. b3 c4 24. b4=
1/2-1/2

[Event "Kings Christmas challenge"]
[Site "SchemingMind.com"]
[Date "2010.12.13"]
[Round "-"]
[White "tom claxton"]
[Black "Will Grummitt"]
[Result "0-1"]
[WhiteCountry "ENG"]
[BlackCountry "ENG"]
[WhiteElo "1417"]
[WhiteRD "58"]
[BlackElo "1741"]
[BlackRD "54"]
[GameID "269826"]

1. d4 d5 2. c4 e6 3. e3 Nf6 4. cxd5 exd5 5. Nc3 Bb4 6. Bd2 O-O 7. Bd3 Nc6 8. Nf3 Bg4 9. h3 Be6 10. Ng5 h6
11. Nxe6 fxe6 12. Qf3 Nd7 13. Qg3 Qf6 14. f4 Be7 15. O-O Bd6 16. Nb5 Qe7 17. Nxd6 Qxd6 18. Rae1 Ne7 19. Rc1 c6 20. a3 g5
21. Bb4 c5 22. dxc5 Qc7 23. c6 Nxc6 24. Bxf8 Rxf8 25. Qg4 Qb6 26. Qxe6+ Rf7 27. Bh7+ Kf8 28. Qxh6+ Ke8 29. Qe6+ Re7 30. Bg6+ Kd8
31. Qg8+ Kc7 32. Qxd5 Qxe3+ 33. Kh2 gxf4 34. Rxc6+ bxc6 35. Qa5+ Kc8 36. Qa6+ Kc7 37. Qa5+ Kc8 38. Rc1 Qxc1 39. Qa6+ Kb8 40. Qa4 Re1
41. Qb4+ Ka8 42. Be4 Rh1#
0-1

[Event "Kings Christmas challenge"]
[Site "SchemingMind.com"]
[Date "2010.12.18"]
[Round "-"]
[White "lark"]
[Black "Phillip Beckett"]
[Result "0-1"]
[WhiteCountry "ENG"]
[BlackCountry "ENG"]
[WhiteElo "1255"]
[WhiteRD "78"]
[BlackElo "1718"]
[BlackRD "49"]
[GameID "269937"]

1. Nc3 Nf6 2. Nf3 g6 3. g3 Bg7 4. Bg2 d6 5. d3 O-O 6. O-O e5 7. Bg5 h6 8. Bxf6 Qxf6 9. Nd5 Qd8 10. d4 exd4
11. Nxd4 Nc6 12. Qc1 Nxd4 13. c3 Ne6 14. Bh3 c6 15. Bxe6 Bxe6 16. Nf4 Bg4 17. f3 Bd7 18. Qd1 d5 19. Qb3 Qb6+ 20. Qxb6 axb6
21. Rfd1 Be5 22. Nxd5 cxd5 23. Rxd5 Be6 24. Rxe5 Rfd8 25. a4 Rd2 26. b4 Rad8 27. Kf2 Bc4 28. h4 Kg7 29. Re1 R8d3 30. Re7 Rxc3
31. Rxb7 Rcc2 32. Rxb6 Bxe2 33. a5 Bd3+ 34. Ke3 Bf5 35. a6 Rd3+ 36. Kf4 Rc4+
0-1

[Event "Kings Christmas challenge"]
[Site "SchemingMind.com"]
[Date "2010.12.18"]
[Round "-"]
[White "lark"]
[Black "Will Grummitt"]
[Result "0-1"]
[WhiteCountry "ENG"]
[BlackCountry "ENG"]
[WhiteElo "1388"]
[WhiteRD "113"]
[BlackElo "1811"]
[BlackRD "56"]
[GameID "269938"]

1. Nf3 Nf6 2. g3 g6 3. Bg2 Bg7 4. d3 O-O 5. O-O d6 6. Bg5 Nd5 7. c4 Nb6 8. Nfd2 Bxb2 9. Nc3 Bxc3 10. Rc1 Bg7
11. Nb3 c6 12. Qd2 Be6 13. e4 N8d7 14. Na5 h6 15. Nxb7 Qe8 16. e5 Nxe5 17. Bf4 Rb8 18. Bxe5 Bxe5 19. Na5 Bd7 20. Qxh6 Bg7
21. Qh4 Nc8 22. d4 Rb2 23. Rfe1 Bf6 24. Qh6 Bxd4 25. Rf1 Rxa2 26. Bh3 Rxa5 27. Bxd7 Qxd7 28. Rcd1 Rh5 29. Qf4 Be5 30. Qe3 Qh3
31. f4 Qxh2#
0-1

[Event "Kings Christmas challenge"]
[Site "SchemingMind.com"]
[Date "2010.12.18"]
[Round "-"]
[White "lark"]
[Black "tom claxton"]
[Result "0-1"]
[WhiteCountry "ENG"]
[BlackCountry "ENG"]
[WhiteElo "1388"]
[WhiteRD "113"]
[BlackElo "1400"]
[BlackRD "60"]
[GameID "269939"]

1. Nf3 d5 2. g3 Nc6 3. Bg2 e5 4. d3 e4 5. dxe4 dxe4 6. Ng1 Qxd1+ 7. Kxd1 f5 8. f3 Nf6 9. fxe4 fxe4 10. Nc3 Bf5
11. h3 Bb4 12. g4 O-O-O+ 13. Bd2 Bxc3 14. bxc3 e3 15. Bxc6 bxc6 16. gxf5 exd2 17. Rb1 Ne4 18. Rh2 Nxc3#
0-1

[Event "Kings Christmas challenge"]
[Site "SchemingMind.com"]
[Date "2010.12.13"]
[Round "-"]
[White "Phillip Beckett"]
[Black "lark"]
[Result "1-0"]
[WhiteCountry "ENG"]
[BlackCountry "ENG"]
[WhiteElo "1718"]
[WhiteRD "49"]
[BlackElo "1255"]
[BlackRD "78"]
[GameID "269940"]

1. e4 g6 2. d4 d6 3. Nc3 Nf6 4. Nf3 Bg7 5. Be2 O-O 6. h3 c5 7. O-O Nc6 8. dxc5 b6 9. cxd6 exd6 10. Bg5 Ne5
11. Nxe5 dxe5 12. Qxd8 Rxd8 13. Nd5 Rd6 14. Nxf6+ Bxf6 15. Bxf6 Rxf6 16. Rad1 Bb7 17. f3 Rc8 18. c3 Re6 19. Rd7 Bc6 20. Rxa7 Rd6
21. Rd1 Rxd1+ 22. Bxd1 Rd8 23. Bb3 Be8 24. Kf2 Rd2+ 25. Kg3 Rxb2 26. Ra8 Kf8 27. Ba4 b5 28. Bb3 Rb1 29. c4 b4 30. Ba4 Ra1
31. Bxe8 b3 32. Bc6+ Ke7 33. axb3 Rxa8= 34. Bxa8 f5 35. exf5 gxf5 36. Kh4 Kd6 37. b4 e4 38. fxe4 fxe4 39. Bxe4 Ke5 40. b5 Kd6
41. b6 Ke5 42. b7 Kxe4 43. b8=Q
1-0

[Event "Kings Christmas challenge"]
[Site "SchemingMind.com"]
[Date "2010.12.15"]
[Round "-"]
[White "Will Grummitt"]
[Black "lark"]
[Result "1-0"]
[WhiteCountry "ENG"]
[BlackCountry "ENG"]
[WhiteElo "1852"]
[WhiteRD "55"]
[BlackElo "1255"]
[BlackRD "78"]
[GameID "269941"]

1. d4 Nf6 2. c4 g6 3. Nc3 Bg7 4. Nf3 d6 5. e4 O-O 6. Be3 c5 7. d5 Bg4 8. Be2 Bxf3 9. Bxf3 Qb6 10. Qb3 Qa6
11. Qa4 Qb6 12. Qb5 Qd8 13. Qxb7 Nbd7 14. Qb3 Rb8 15. Qc2 Rb7 16. b3 Ne5 17. Be2 Nfg4 18. Bd2 Qd7 19. h3 Nf6 20. O-O Nh5
21. f4 Ng3 22. Rf2 Nxe2+ 23. Rxe2 Nxc4 24. bxc4 Rb6 25. Rb1 Rxb1+ 26. Qxb1 e6 27. Nb5 a6 28. Na3 exd5 29. exd5 Re8= 30. Rxe8+ Qxe8
31. Qe1 Qxe1+ 32. Bxe1 Bd4+ 33. Kh2 Be3 34. g3 Bc1 35. Nc2 Kg7 36. Bc3+ Kh6 37. h4 f6 38. Bxf6 Kh5 39. Be7
1-0

[Event "Kings Christmas challenge"]
[Site "SchemingMind.com"]
[Date "2010.12.15"]
[Round "-"]
[White "tom claxton"]
[Black "lark"]
[Result "1-0"]
[WhiteCountry "ENG"]
[BlackCountry "ENG"]
[WhiteElo "1417"]
[WhiteRD "58"]
[BlackElo "1362"]
[BlackRD "142"]
[GameID "269942"]

1. d4 Nf6 2. Nc3 g6 3. e4 Bg7 4. e5 Ng8 5. Nf3 d6 6. Bc4 Bg4 7. h3 Bxf3 8. Qxf3 dxe5 9. dxe5 Nc6 10. Qxf7+ Kd7
11. Be6#
1-0

[Event "Kings Christmas challenge"]
[Site "SchemingMind.com"]
[Date "2010.12.17"]
[Round "-"]
[White "Jacob"]
[Black "Phillip Beckett"]
[Result "0-1"]
[WhiteCountry "MEX"]
[BlackCountry "ENG"]
[WhiteElo "1145"]
[WhiteRD "76"]
[BlackElo "1718"]
[BlackRD "49"]
[GameID "270262"]

1. e4 c5 2. f4 d6 3. Nf3 Nc6 4. Bb5 g6 5. Bxc6+ bxc6 6. Nc3 Bg7 7. O-O Nf6 8. Ng5 O-O 9. d3 h6 10. Nf3 Ba6
11. b3 Kh7 12. Be3 Qa5 13. Qd2 Nxe4 14. Nxe4 Qxd2 15. Bxd2 Bxa1 16. Rxa1 f5 17. Ng3 Bb7 18. Re1 Rf7 19. h4 a5 20. a4 Re8
21. Bxa5 e5 22. fxe5 dxe5 23. Nxe5 Rfe7 24. Bc3 f4 25. Nf1 Bc8 26. Nh2 g5 27. hxg5 hxg5 28. Nhg4 Bxg4 29. Nxg4 Rxe1+ 30. Bxe1 Rxe1+
31. Kf2 Rc1 32. c4 Rc3 33. a5 Rxb3 34. Nf6+ Kg6 35. Ne4 Ra3 36. Nxc5 Rxa5
0-1

[Event "Kings Christmas challenge"]
[Site "SchemingMind.com"]
[Date "2010.12.17"]
[Round "-"]
[White "Jacob"]
[Black "Will Grummitt"]
[Result "0-1"]
[WhiteCountry "MEX"]
[BlackCountry "ENG"]
[WhiteElo "1338"]
[WhiteRD "105"]
[BlackElo "1741"]
[BlackRD "54"]
[GameID "270263"]

1. e4 e6 2. d4 d5 3. exd5 exd5 4. Nc3 Nc6 5. Bb5 Ne7 6. Bxc6+ Nxc6 7. Nf3 Bb4 8. Bd2 O-O 9. Qe2 Re8 10. Ne5 f6
11. a3 Bxc3 12. Bxc3 fxe5 13. dxe5 d4 14. Bd2 Rxe5 15. Qxe5 Nxe5 16. O-O-O Qd5 17. b3 Qxg2 18. Rdf1 Qc6 19. Bb4 Nd3+ 20. Kd2 Nxb4
21. f4 Qxc2+ 22. Ke1 Nd3#
0-1

[Event "Kings Christmas challenge"]
[Site "SchemingMind.com"]
[Date "2010.12.18"]
[Round "-"]
[White "Jacob"]
[Black "tom claxton"]
[Result "0-1"]
[WhiteCountry "MEX"]
[BlackCountry "ENG"]
[WhiteElo "1145"]
[WhiteRD "76"]
[BlackElo "1413"]
[BlackRD "56"]
[GameID "270264"]

1. e4 e5 2. Nf3 Nc6 3. Nc3 Nf6 4. d3 Nd4 5. Nd5 Nxd5 6. Nxd4 exd4 7. exd5 Bc5 8. c4 dxc3 9. bxc3 d6 10. d4 Bb6
11. Bb5+ Bd7 12. Bxd7+ Qxd7 13. f4 O-O-O 14. Rb1 Rhe8+ 15. Kf1 Qb5+ 16. Rxb5 a6 17. Rb4 Ba5 18. Qg4+ Rd7 19. Rb3 b6 20. Qxg7 Rde7
21. Qg4+ Kb7
0-1

[Event "Kings Christmas challenge"]
[Site "SchemingMind.com"]
[Date "2010.12.18"]
[Round "-"]
[White "Jacob"]
[Black "lark"]
[Result "0-1"]
[WhiteCountry "MEX"]
[BlackCountry "ENG"]
[WhiteElo "1145"]
[WhiteRD "76"]
[BlackElo "1255"]
[BlackRD "78"]
[GameID "270265"]

1. e4 e5 2. d3 Nf6 3. Nf3 d6 4. Nc3 g6 5. g3 Bg7 6. Bg5 O-O 7. Bxf6 Bxf6 8. Nd5 c6 9. Nxf6+ Qxf6 10. c3 Bg4
11. Be2 Bxf3 12. Bxf3 d5 13. d4 dxe4 14. dxe5 Qxe5
0-1

[Event "Kings Christmas challenge"]
[Site "SchemingMind.com"]
[Date "2010.12.18"]
[Round "-"]
[White "Phillip Beckett"]
[Black "Jacob"]
[Result "1-0"]
[WhiteCountry "ENG"]
[BlackCountry "MEX"]
[WhiteElo "1694"]
[WhiteRD "52"]
[BlackElo "1338"]
[BlackRD "105"]
[GameID "270266"]

1. e4 e5 2. Nf3 Nf6 3. Nxe5 Nxe4 4. Qe2 d6 5. Nxf7 Kxf7 6. Qxe4 Nc6 7. Bc4+ Kf6 8. d4 Bf5 9. Qh4+ Kg6 10. Qxd8 Rxd8
11. c3 Bxb1 12. Rxb1 Re8+ 13. Be3 b6 14. Bd3+ Kf7 15. Kd2 a5 16. Rhe1 h6 17. Bc4+ Kf6 18. Bb5 g5 19. Bxc6 Re6 20. d5 Re5
21. Bd4 Kf5 22. Bxe5 dxe5 23. Bd7+ Kf6 24. Re3 Bc5 25. Rf3+ Ke7 26. Be6 c6 27. Rf7+ Kd6 28. Rd7#
1-0

[Event "Kings Christmas challenge"]
[Site "SchemingMind.com"]
[Date "2010.12.18"]
[Round "-"]
[White "Will Grummitt"]
[Black "Jacob"]
[Result "1-0"]
[WhiteCountry "ENG"]
[BlackCountry "MEX"]
[WhiteElo "1852"]
[WhiteRD "55"]
[BlackElo "1145"]
[BlackRD "76"]
[GameID "270267"]

1. d4 d5 2. c4 c5 3. Nc3 Nc6 4. dxc5 dxc4 5. Qxd8+ Nxd8 6. e3 Nc6 7. Bxc4 e6 8. Nf3 Nf6 9. O-O Bxc5 10. Bd2 O-O
11. Rfd1 Bd7 12. e4 Ng4 13. Be1 Rfd8 14. h3 Nf6 15. e5 Nh5 16. g4 Ng3 17. Kg2 Nf5 18. gxf5 exf5 19. Rd2 Nb4 20. a3 Nc6
21. Rad1 Be6 22. Bxe6 Rxd2 23. Bxf7+ Kxf7 24. Rxd2 Re8 25. Rd7+ Re7 26. Rxe7+ Nxe7 27. Bd2 Ng6 28. Be3 Bxe3 29. fxe3 a5 30. Kg3 h5
31. Ng5+ Ke7 32. Nd5+
1-0

[Event "Kings Christmas challenge"]
[Site "SchemingMind.com"]
[Date "2010.12.20"]
[Round "-"]
[White "tom claxton"]
[Black "Jacob"]
[Result "1-0"]
[WhiteCountry "ENG"]
[BlackCountry "MEX"]
[WhiteElo "1413"]
[WhiteRD "56"]
[BlackElo "1145"]
[BlackRD "76"]
[GameID "270268"]

1. d4 f5 2. Nf3 d5 3. e3 e6 4. Ne5 Nf6 5. Nc3 Bb4 6. Bd2 Bxc3 7. Bxc3 Ne4 8. Bd2 Nxd2 9. Qxd2 Nc6 10. Nxc6 bxc6
11. c3 O-O 12. c4 dxc4 13. Bxc4 Rb8 14. b3 Qg5 15. g3 Rd8 16. f4 Qg4 17. Be2 Qg6 18. Rc1 Rb6 19. Qa5 Rb7 20. Rxc6 Rd5
21. Qa4
1-0

[Event "Kings Christmas challenge"]
[Site "SchemingMind.com"]
[Date "2010.12.22"]
[Round "-"]
[White "lark"]
[Black "Jacob"]
[Result "1-0"]
[WhiteCountry "ENG"]
[BlackCountry "MEX"]
[WhiteElo "1255"]
[WhiteRD "78"]
[BlackElo "1145"]
[BlackRD "76"]
[GameID "270269"]

1. Nf3 Nf6 2. g3 g6 3. Bg2 Bg7 4. d3 d6 5. O-O O-O 6. c4 c5 7. Nc3 Nc6 8. a3 Be6 9. Ng5 h5 10. Bxc6 bxc6
11. Nxe6
1-0

[Event "Kings Christmas challenge"]
[Site "SchemingMind.com"]
[Date "2010.12.17"]
[Round "-"]
[White "Sam Williams"]
[Black "Phillip Beckett"]
[Result "0-1"]
[WhiteCountry "ENG"]
[BlackCountry "ENG"]
[WhiteElo "1176"]
[WhiteRD "111"]
[BlackElo "1703"]
[BlackRD "49"]
[GameID "270286"]

1. Nf3 Nf6 2. g3 g6 3. d4 Bg7 4. Bg5 d6 5. Bxf6 Bxf6 6. Nc3 O-O 7. e3 Nd7 8. Bb5 a6 9. Bxd7 Bxd7 10. e4 c5
11. d5 Qa5 12. Qd2 Bxc3 13. bxc3 b5 14. O-O b4 15. Rab1 bxc3 16. Qd1 Qxa2 17. Ra1 Qc4 18. Re1 Bg4 19. Re3 Bxf3 20. Rxf3 Qxe4
21. Re3 Qd4 22. Rd3 Qg7 23. Re3 f5 24. Qe1 Rfe8 25. Qe2 e5 26. dxe6 Re7 27. Rxa6 Rxa6 28. Qxa6 Qd4 29. Qc8+ Kg7 30. Qd8 Qf6
31. Qxd6 c4 32. Qc5 Rxe6 33. Qxc4 Rxe3 34. fxe3 Qe5 35. Qf4 Kf6 36. Qh4+ Kg7 37. Kf2 Qf6 38. Qa4 g5 39. Qd7+ Kg6 40. Kf3 g4+
41. Kf4 Qg5+ 42. Ke5 Qxe3+ 43. Kd6= Qd2+ 44. Ke7 Qxd7+ 45. Kxd7 Kf6 46. Kd6 Kg5 47. Ke5 h5 48. Kd4 f4 49. gxf4+ Kxf4 50. Kxc3 h4
51. Kd2 g3 52. c4 g2 53. c5 g1=Q 54. c6 Qc5 55. c7 Qxc7 56. Ke2 Qc3 57. Kf2 Qc2+ 58. Kg1 Kf3 59. Kh1= Qg2#
0-1

[Event "Kings Christmas challenge"]
[Site "SchemingMind.com"]
[Date "2010.12.17"]
[Round "-"]
[White "Sam Williams"]
[Black "Will Grummitt"]
[Result "0-1"]
[WhiteCountry "ENG"]
[BlackCountry "ENG"]
[WhiteElo "1201"]
[WhiteRD "113"]
[BlackElo "1741"]
[BlackRD "54"]
[GameID "270287"]

1. Nf3 Nf6 2. g3 g6 3. d4 Bg7 4. Bg5 O-O 5. Bg2 d6 6. d5 Bg4 7. h3 Bxf3 8. Bxf3 Nbd7 9. Bxf6 Nxf6 10. e4 Nd7
11. c3 Ne5 12. O-O Nxf3+ 13. Kg2 Ne5 14. f4 Nd7 15. f5 Ne5 16. Nd2 Qd7 17. Nb3 Qa4 18. fxg6 fxg6 19. Rxf8+ Rxf8 20. h4 Qxe4+
21. Kh2 Nf3+ 22. Kh3 h5 23. Kg2 Ne1+ 24. Kh3 Qg2#
0-1

[Event "Kings Christmas challenge"]
[Site "SchemingMind.com"]
[Date "2010.12.18"]
[Round "-"]
[White "Sam Williams"]
[Black "tom claxton"]
[Result "0-1"]
[WhiteCountry "ENG"]
[BlackCountry "ENG"]
[WhiteElo "1176"]
[WhiteRD "111"]
[BlackElo "1400"]
[BlackRD "60"]
[GameID "270288"]

1. Nf3 d5 2. g3 Nc6 3. d3 Bg4 4. h3 Bxf3 5. exf3 Nf6 6. f4 e5 7. fxe5 Nxe5 8. Bg5 Be7 9. f4 Ned7 10. Bxf6 Bxf6
11. g4 Qe7+ 12. Qe2 Qxe2+ 13. Bxe2 Bxb2 14. Bf3 Bxa1 15. Bxd5 c6 16. Bb3 O-O-O 17. O-O Rhf8 18. c3 f6 19. Be6 Rfe8 20. Re1 Kc7
21. Kf1 Nc5 22. d4 Nxe6 23. f5 Nf4 24. Rxe8 Rxe8 25. Kf2 Nxh3+ 26. Kg2 Nf4+ 27. Kf3 Re1 28. Kxf4 Rxb1 29. g5 fxg5+ 30. Kxg5 Bxc3
31. f6 gxf6+ 32. Kxf6 Rg1 33. Ke5 h5 34. Ke4 h4 35. Kd3 Bxd4 36. Kxd4 h3 37. Kc5 h2 38. a4 h1=Q 39. Kb4 Qe4+ 40. Kc5 Rc1#
0-1

[Event "Kings Christmas challenge"]
[Site "SchemingMind.com"]
[Date "2010.12.17"]
[Round "-"]
[White "Sam Williams"]
[Black "lark"]
[Result "1-0"]
[WhiteCountry "ENG"]
[BlackCountry "ENG"]
[WhiteElo "1324"]
[WhiteRD "92"]
[BlackElo "1255"]
[BlackRD "78"]
[GameID "270289"]

1. Nf3 Nf6 2. g3 g6 3. d3 Bg7 4. Bg2 d6 5. Bg5 O-O 6. O-O c5 7. Bxf6 Bxf6 8. g4 Nc6 9. c3 Bxg4 10. h3 Bxf3
11. Bxf3 Qc8 12. e4 Qxh3 13. Bg2 Qd7 14. d4 Qd8 15. Nd2 cxd4 16. cxd4 Bxd4 17. Rc1 Bxb2 18. Rc2 Be5 19. Nc4 Qd7 20. f4 Bd4+
21. Kh1
1-0

[Event "Kings Christmas challenge"]
[Site "SchemingMind.com"]
[Date "2010.12.18"]
[Round "-"]
[White "Sam Williams"]
[Black "Jacob"]
[Result "1-0"]
[WhiteCountry "ENG"]
[BlackCountry "MEX"]
[WhiteElo "1324"]
[WhiteRD "92"]
[BlackElo "1145"]
[BlackRD "76"]
[GameID "270290"]

1. Nf3 Nf6 2. g3 Nc6 3. d4 d5 4. Nc3 e6 5. e3 g6 6. Bb5 Bd7 7. O-O Bb4 8. a3 Bxc3 9. bxc3 Qe7 10. Ne5 Nxe5
11. Rb1 Bxb5 12. Re1 Ba6 13. dxe5 Ne4 14. f3 Ng5 15. f4 Nh3+ 16. Kg2
1-0

[Event "Kings Christmas challenge"]
[Site "SchemingMind.com"]
[Date "2010.12.19"]
[Round "-"]
[White "Phillip Beckett"]
[Black "Sam Williams"]
[Result "1-0"]
[WhiteCountry "ENG"]
[BlackCountry "ENG"]
[WhiteElo "1703"]
[WhiteRD "49"]
[BlackElo "1176"]
[BlackRD "111"]
[GameID "270291"]

1. e4 d5 2. exd5 Qxd5 3. Nc3 Qe6+ 4. Qe2 Qd7 5. Nf3 Nc6 6. a3 Nf6 7. Ne5 Qe6 8. Nxc6 bxc6 9. Qxe6 Bxe6 10. Be2 c5
11. d3 O-O-O 12. Bf3 g5 13. Ne4 Bh6 14. Nxf6 exf6 15. h4 g4 16. Bc6 Bxc1 17. Rxc1 Rhg8 18. O-O g3 19. f3 Rd4 20. Rce1 Rd6
21. Bb5 c6 22. Ba6+ Kb8 23. Re4 Re8 24. Bc4 Bf5 25. Rxe8+ Bc8 26. Ba6 Kc7 27. Rxc8+ Kb6 28. Bc4 Rd4 29. Re1 Rxh4 30. Rb8+ Kc7
31. Ree8 Kd6 32. Rbc8 Kd7 33. Bxf7 Kd6 34. Red8+ Ke7 35. Bb3 h5 36. Rh8 Kd7 37. Ra8 Kc7 38. Rxa7+ Kb6 39. Rha8 c4 40. Bxc4 Kc5
41. Ra5+ Kb6 42. R8a6+ Kc7 43. Ra7+ Kb6 44. R7a6+ Kb7 45. Rf5 Rh2 46. Rxf6 Kc7 47. Rfxc6+ Kb7 48. Rh6 Kc7 49. Rh7+ Kb8 50. Rg6 Kc8
51. Rg8#
1-0

[Event "Kings Christmas challenge"]
[Site "SchemingMind.com"]
[Date "2010.12.19"]
[Round "-"]
[White "Will Grummitt"]
[Black "Sam Williams"]
[Result "1-0"]
[WhiteCountry "ENG"]
[BlackCountry "ENG"]
[WhiteElo "1811"]
[WhiteRD "56"]
[BlackElo "1176"]
[BlackRD "111"]
[GameID "270292"]

1. d4 e6 2. e4 d5 3. Nc3 Nf6 4. e5 Ne4 5. Nxe4 dxe4 6. Qg4 f5 7. exf6 Qxf6 8. Qxe4 Bb4+ 9. c3 Bd6 10. Bc4 Rf8
11. Nf3 Nc6 12. O-O Na5 13. Bd3 c5 14. Be3 e5 15. dxe5 Bxe5 16. Nxe5 Bf5 17. Qa4+ Nc6 18. Nxc6 bxc6 19. Bxf5 Rd8 20. Qe4+ Qe7
21. Qxc6+ Kf7 22. Bxc5 Qe5 23. Bh3 Qd5 24. Qxd5+ Rxd5 25. Bxf8 Kxf8 26. Rad1 Re5 27. Rfe1 Ra5 28. a3 Rh5= 29. Rd7 Rxh3 30. gxh3 h6
31. Ree7 Kg8 32. Rxg7+ Kf8 33. Rxa7 h5 34. Rgb7 Kg8= 35. Rb8#
1-0

[Event "Kings Christmas challenge"]
[Site "SchemingMind.com"]
[Date "2010.12.19"]
[Round "-"]
[White "tom claxton"]
[Black "Sam Williams"]
[Result "1-0"]
[WhiteCountry "ENG"]
[BlackCountry "ENG"]
[WhiteElo "1413"]
[WhiteRD "56"]
[BlackElo "1324"]
[BlackRD "92"]
[GameID "270293"]

1. d4 e6 2. Nc3 Bb4 3. Bd2 Bxc3 4. Bxc3 d5 5. Nf3 Nf6 6. Ne5 g6 7. e3 O-O 8. Ng4 Ne4 9. Qd3 Ng5 10. f4 Ne4
11. b3 f5 12. Nf2 Nxc3 13. Qxc3 Nc6 14. Be2 b6 15. O-O Bb7 16. g4 Qh4 17. Qe1 Bc8 18. Nd3 g5 19. Qxh4 gxh4 20. g5 Bb7
21. c4 Ne7 22. c5 b5 23. Ne5 a6 24. Nd7 Rfd8 25. Nf6+ Kf7 26. Bh5+ Ng6 27. Kg2 Kg7 28. Kh3 b4 29. Bxg6 hxg6 30. Kxh4 a5
31. Rf2 a4 32. bxa4 Rxa4 33. Rb1 Rb8 34. Rfb2 Ba6 35. Nd7 Rb5 36. Ne5 Rb7 37. Nc6 Bd3 38. Rxb4 Bxb1 39. Rxb7 Rxa2 40. Rxb1 Rxh2+
41. Kg3 Re2 42. Rb3 Kf7 43. Ne5+ Kg7 44. Kf3 Ra2 45. Rb7 Ra1 46. Rxc7+ Kf8 47. Nxg6+ Ke8 48. Re7+ Kd8 49. Rxe6 Rf1+ 50. Kg3 Rg1+
51. Kf2 Ra1 52. Ne5 Ra2+ 53. Kf3 Kc7 54. g6 Ra8 55. g7 Rg8 56. Re7+ Kd8 57. Nc6+ Kc8 58. Ra7 Re8 59. Ne7+ Kb8 60. Rd7 Ka8
61. g8=Q Rxg8 62. Nxg8 Kb8 63. Ne7 Ka8 64. c6 Kb8 65. c7+ Kb7 66. c8=Q+ Kb6 67. Qc5+ Ka6 68. Qxd5 Kb6 69. Qc5+ Ka6 70. Rd6+ Kb7
71. Qb6+ Ka8 72. Rd8#
1-0